On some German-speaking economists of the 19th and early 20th century
Saved in:
| Main Author: | |
|---|---|
| Other Authors: | |
| Format: | Book |
| Language: | English |
| Published: |
[s.l.] :
Goethe Universitat,
1986
|
| Subjects: | |
| Tags: |
Add Tag
No Tags, Be the first to tag this record!
|
MARC
| LEADER | 00000cam a2200000 i 4500 | ||
|---|---|---|---|
| 001 | 1/10274 | ||
| 008 | 000831s1986 eng d | ||
| 035 | |l 10063374 | ||
| 040 | |a GR-MY-UA |b gre |e aacr | ||
| 041 | 0 | |a eng | |
| 082 | 0 | |a 330.092 | |
| 100 | 1 | |a Schefold, Bertram |d 1943- | |
| 245 | 1 | 0 | |a On some German-speaking economists of the 19th and early 20th century / |c Bertram Schefold, Hermann Reich |
| 260 | |a [s.l.] : |b Goethe Universitat, |c 1986 | ||
| 300 | |a 47 p. | ||
| 650 | 0 | 0 | |a Economists |z Germany |y 19th century. |
| 650 | 0 | 0 | |a Economists |z Germany |y 20th century. |
| 650 | 0 | 0 | |a Economists |z Germany |x Biography. |
| 700 | 1 | |a Reich, Hermann. | |
| 852 | |a INST |b LESVOS |e 20000831 |h 330.092 BER |p 005100023310 |q 005100023310 |t BK |y 0 | ||
| 901 | |a BIBL1-2000-2 | ||
| 909 | |a Λ |b 077691 | ||
| 970 | |z 2000/08/ΧΡΥΣΑΝΘΗ | ||